<?xml version="1.0" encoding="UTF-8"?>
<record
    xmlns:xsi="http://www.w3.org/2001/XMLSchema-instance"
    xsi:schemaLocation="http://www.loc.gov/MARC21/slim http://www.loc.gov/standards/marcxml/schema/MARC21slim.xsd"
    xmlns="http://www.loc.gov/MARC21/slim">

  <leader>00728nam a2200205Ia 4500</leader>
  <controlfield tag="001">3099</controlfield>
  <controlfield tag="003">GE_BSU</controlfield>
  <controlfield tag="008">181216s||||||||xx |||||||||||||| ||und||</controlfield>
  <datafield tag="040" ind1=" " ind2=" ">
    <subfield code="c">GE_BSU</subfield>
  </datafield>
  <datafield tag="080" ind1=" " ind2=" ">
    <subfield code="a">624.953</subfield>
  </datafield>
  <datafield tag="100" ind1=" " ind2=" ">
    <subfield code="a">&#x413;&#x43E;&#x444;&#x43C;&#x430;&#x43D;-&#x417;&#x430;&#x445;&#x430;&#x440;&#x43E;&#x432;,&#x41F;.&#x41C;.</subfield>
  </datafield>
  <datafield tag="245" ind1=" " ind2=" ">
    <subfield code="a">&#x41F;&#x440;&#x43E;&#x435;&#x43A;&#x442;&#x438;&#x440;&#x43E;&#x432;&#x430;&#x43D;&#x438;&#x435; &#x438; &#x441;&#x43E;&#x43E;&#x440;&#x443;&#x436;&#x435;&#x43D;&#x438;&#x435; &#x43F;&#x43E;&#x434;&#x437;&#x435;&#x43C;&#x43D;&#x44B;&#x445; &#x440;&#x435;&#x437;&#x435;&#x440;&#x432;&#x443;&#x430;&#x440;&#x43E;&#x432;-&#x43D;&#x435;&#x444;&#x442;&#x435;&#x433;&#x430;&#x437;&#x43E;&#x445;&#x440;&#x430;&#x43D;&#x438;&#x43B;&#x438;&#x449;.</subfield>
  </datafield>
  <datafield tag="245" ind1=" " ind2=" ">
    <subfield code="c">&#x440;&#x435;&#x434;.&#x421;.&#x41D;.&#x421;&#x43E;&#x442;&#x43D;&#x438;&#x447;&#x435;&#x43D;&#x43A;&#x43E;.</subfield>
  </datafield>
  <datafield tag="260" ind1=" " ind2=" ">
    <subfield code="a">&#x41A;&#x438;&#x435;&#x432;.</subfield>
  </datafield>
  <datafield tag="260" ind1=" " ind2=" ">
    <subfield code="b">&#x411;&#x443;&#x434;&#x438;&#x432;&#x435;&#x43B;&#x44C;&#x43D;&#x438;&#x43A;.</subfield>
  </datafield>
  <datafield tag="260" ind1=" " ind2=" ">
    <subfield code="c">1973.</subfield>
  </datafield>
  <datafield tag="300" ind1=" " ind2=" ">
    <subfield code="a">244&#x441;&#x442;&#x440;.21&#x441;&#x43C;.</subfield>
  </datafield>
  <datafield tag="653" ind1=" " ind2=" ">
    <subfield code="a">&#x41F;&#x440;&#x43E;&#x435;&#x43A;&#x442;&#x438;&#x440;&#x43E;&#x432;&#x430;&#x43D;&#x438;&#x435; &#x438; &#x441;&#x43E;&#x43E;&#x440;&#x443;&#x436;&#x435;&#x43D;&#x438;&#x435; &#x43F;&#x43E;&#x434;&#x437;&#x435;&#x43C;&#x43D;&#x44B;&#x445; &#x440;&#x435;&#x437;&#x435;&#x440;&#x432;&#x443;&#x430;&#x440;&#x43E;&#x432;-&#x43D;&#x435;&#x444;&#x442;&#x435;&#x433;&#x430;&#x437;&#x43E;&#x445;&#x440;&#x430;&#x43D;&#x438;&#x43B;&#x438;&#x449;.</subfield>
  </datafield>
  <datafield tag="942" ind1=" " ind2=" ">
    <subfield code="c">BK</subfield>
  </datafield>
  <datafield tag="999" ind1=" " ind2=" ">
    <subfield code="c">37143</subfield>
    <subfield code="d">37143</subfield>
  </datafield>
  <datafield tag="952" ind1=" " ind2=" ">
    <subfield code="0">0</subfield>
    <subfield code="1">0</subfield>
    <subfield code="4">0</subfield>
    <subfield code="7">0</subfield>
    <subfield code="9">36838</subfield>
    <subfield code="d">2018-12-17</subfield>
    <subfield code="p">9418</subfield>
    <subfield code="r">2018-12-17</subfield>
    <subfield code="w">2018-12-17</subfield>
    <subfield code="y">BK</subfield>
  </datafield>
  <datafield tag="952" ind1=" " ind2=" ">
    <subfield code="0">0</subfield>
    <subfield code="1">0</subfield>
    <subfield code="4">0</subfield>
    <subfield code="7">0</subfield>
    <subfield code="9">36839</subfield>
    <subfield code="d">2018-12-17</subfield>
    <subfield code="p">9417</subfield>
    <subfield code="r">2018-12-17</subfield>
    <subfield code="w">2018-12-17</subfield>
    <subfield code="y">BK</subfield>
  </datafield>
</record>
